000 00384nam a2200145 4500
008 191125s2017||||xo d
100 1 _aZbojek Ján
_91457
245 1 0 _aZlaté pravidlá stravovania
_bKuchárka zdravej výživy
250 _a1.vydanie
260 _bTypoPress
_aKošice
_c2017
300 _a155s.
020 _a9788081290763
_c11,40
041 1 _aslo
044 _axo
_cSK
999 _c22825
_d22825